000 00308nam a2200133Ia 4500
008 190216s9999||||xx |||||||||||||| ||und||
100 _aP.P. Skaria
245 0 _aDevlopment Of Economic Thought
250 _a7th Ed.
260 _bVrindavan Pub
_c2006
300 _a380
650 _aEconomics
942 _cBK
999 _c11537
_d11537